Best country in each Olympic sports - Statistics

General Stats
  • This quiz has been taken 56 times
  • The average score is 19 of 34
Answer Stats
Hint Answer % Correct
Basketball United States
92%
Boxing United States
88%
Athletics United States
86%
Badminton China
80%
Golf United States
75%
Table Tennis China
73%
Cycling France
73%
Tennis United States
73%
Surfing United States
71%
Swimming United States
71%
Volleyball United States
67%
Judo Japan
65%
Shooting United States
63%
Football United States
61%
Artistic Swimming Russia
59%
Diving China
57%
Rowing United States
57%
Sailing Great Britain
51%
Archery South Korea
51%
Canoeing Germany
49%
Equestrian Germany
49%
Rugby New Zealand
49%
Taekwondo South Korea
47%
Triathlon Great Britain
45%
Water Polo Hungary
43%
Field Hockey India
43%
Gymnastics Soviet Union
41%
Skateboarding Japan
39%
Fencing Italy
37%
Weightlifting China
33%
Handball Denmark
33%
Wrestling Soviet Union
24%
Sport Climbing Slovenia
20%
Modern Pentathlon Hungary
14%
No matching quizzes found
Score Distribution
Percent of People with Each Score
Percentile by Number Answered
Your Score History
You have not taken this quiz